| 000 | 00977nam a22002537a 4500 | ||
|---|---|---|---|
| 005 | 20170419101551.0 | ||
| 008 | 160617b xxu||||| |||| 00| 0 eng d | ||
| 010 | _a1617CH-EN | ||
| 020 |
_a9780753436660 _c199.00 |
||
| 035 | _aB-646977-994 | ||
| 035 | _aB-667897 | ||
| 037 |
_bTechniz/ven _adpl |
||
| 082 | _aS | ||
| 100 | _aFeldman, Thea | ||
| 245 |
_aBrilliant birds/ _cby Thea Feldman |
||
| 260 |
_aLondon _bKingfisher Publications _c2014 |
||
| 270 |
_a 20,New Wharf Road, _bLondon _eN19RR |
||
| 300 |
_a32 p. _bcol. ill. _c23 cm. |
||
| 490 | _aKingfisher Readers level-1 | ||
| 856 | _3Publisher description | ||
| 942 |
_2ddc _cCH _hS _mFEL |
||
| 999 |
_c100474 _d100474 |
||